00651nam a2200181Ia 4500008004100000020001800041022001300059040001300072082001600085100002100101245010000122260006800222300003200290500006300322650001900385650003900404650002600443191130s1995##################000#0#eng## a9781858981314 a94027540 aACLcACL a332.042 AKD aAkdogˆan, Haluk aThe integration of international capital markets : theory and empirical evidencecHaluk Akdogan aAldershot, Hants, England ; Brookfield, VtbE. Elgar Pubcc1995 axiii, 189 p. : ill. ; 24 cm aIncludes bibliographical references (p. 178-183) and index aCapital market aInternational economic integration aInternational finance